[Event "Match 78__120'/40"]
[Site "Zurich"]
[Date "2024.??.??"]
[Round "20"]
[White "Mephisto Polgar sel. 5"]
[Black "Saitek D+ EGR 10 MHz"]
[Result "1-0"]
[WhiteElo "1991"]
[BlackElo "1992"]
[Annotator "Utzinger,K"]
[PlyCount "186"]
[EventDate "2024.05.22"]
[EventType "match"]
[SourceVersionDate "2024.04.21"]

{[%evp 0,186,19,38,83,67,81,86,106,95,69,39,48,42,87,67,65,72,109,114,114,83,83,22,31,37,37,42,46,54,58,73,86,102,105,117,100,100,59,92,99,92,89,89,93,90,93,93,96,96,93,93,93,93,95,95,95,96,96,109,115,114,137,78,90,104,93,93,83,91,96,95,111,118,139,125,129,121,150,149,100,120,162,155,165,206,159,159,206,226,191,226,219,239,191,164,191,185,279,279,302,303,303,303,317,537,830,1244,1418,1429,1912,29968,29969,29966,29967,3,3,3,29963,29974,29975,29976,29977,29964,29975,1352,29971,275,286,527,527,527,527,120,7,7,7,7,7,7,537,1,535,0,0,0,0,0,0,0,547,1,1,1,1,1,1,1,1,2,1,2,29973,29974,29975,29976,29977,29978,29983,29984,29985,29978,29979,29968,29975,29980,29983,29980,29985,29986,29987,29988,29989,29988,29989,29990,29991,29992,29993]} 1. e4 g6 {Match 120'/40 | Bediener: Rolf Bühler | 20. Partie: Weiss (Mephisto Polgar) gewinnt | Zwischenstand: 10,0-10,0 (50%) Ausgleich / hypothetisch: 13,0-7,0 (65%) für Mephisto Polgar | Eröffnung: Caro Kann Verteidigung, Gurgenidze System | Eigentlich bereits nach 8...f6? bewegt sich der Saitek D+ auf der Verliererstrasse. Im 34. Zug bekommt Weiss im für unsere Oldies einmal mehr zu schwierigen Turmendspiel zwei verbundene Freibauern auf der h- und g-Linie. Der weitere Verlauf dieses Turmendspiels zeigt die üblichen Mängel der beiden Protagonisten. Nach zahlreichen Fehlern auf beiden Seiten kann der Mephisto Polgar erst im 93. Zug gewinnen. Dabei wäre das Programm von Ed Schröder nicht in der Lage gewesen, das reine Turmendspiel mit seinen verbleibenden und verbundenen zwei Mehrbauern zu gewinnen. Im entscheidenden Moment hat der Saitek D+ seine Chance auf ein Remis mit dem bekannten Pattmotiv erkannt, nur um dann plötzlich alles zu "vergessen" und doch noch zu verlieren.} 2. d4 Bg7 3. Nc3 {***ENDE BUCH*** +/= (0.58) (60%)} c6 4. Nf3 d5 5. Be2 Nf6 6. e5 Ne4 {***ENDE BUCH*** +/- (1.08) (79%)} 7. Nxe4 $2 {Vernichtet praktisch den ganzen weissen Eröffnungsvorteil.} ({Stockfish 16.1: Bewertung 1.06 (79%) bei ST 51} 7. O-O Nxc3 8. bxc3 c5 9. dxc5 O-O 10. Rb1 Nc6 11. Bf4 b6 12. Bb5 Na5 13. cxb6 axb6 14. Qd2 Nc4 15. Bxc4 dxc4 16. Qe3 Rxa2 17. Nd4 Bb7 18. Rfd1 Qd7 19. f3 e6 20. Rxb6 Bd5 21. Bh6 Qe7 22. Rbb1 Rfa8 23. Bg5 Qa3 24. h4 h5 25. Bf6 Bf8 26. Kh2 Kh7 27. Kh3 Bc5 28. Bg5 Rf8 29. Rbc1 {[%eval 106,51] [%wdl 574,425,1]}) 7... dxe4 8. Ng5 {[#]} f6 $2 {[%mdl 2] So schlecht, dass man bereits von einem Verlustzug sprechen muss. Aber: für unsere Oldies unmöglich zu erkennen.} (8... c5 $1 {ist die beste Fortsetzung} 9. dxc5 Qxd1+ 10. Bxd1 Bxe5 11. Nxe4 Na6 12. c3 f5 13. Ng5 Nxc5 14. Be3 $14) 9. exf6 Bxf6 (9... exf6 10. Nxe4 f5 11. Ng5 Qxd4 12. O-O Qxd1 13. Rxd1 h6 14. Bc4 $3 hxg5 15. Bxg5) 10. c3 Qd5 11. Bg4 {Auch 11.h4 oder 11.Db3 sind gut, bzw. gar etwas stärker.} Bd7 12. Bxd7+ Nxd7 13. Qg4 Bxg5 14. Bxg5 $14 {Weiss steht leicht besser.} e5 $6 {Ein verfrühter Befreiungsschlag.} 15. Rd1 {[#]} h5 $2 $18 {[%mdl 2] Schwächt massiv die schwarze Bauernstruktur am Königsflügel. Auf dem Niveau der modernen Engines wäre Schwarz nun bereits verloren. Schwarz wird sich die kurze Rochade nicht mehr leisten dürfen. Und die lange Rochade ist vorderhand noch verhindert.} 16. Qg3 (16. Qh4 {ist mindestens gleich gut.}) 16... Qe6 {Guter Rat ist schon teuer.} 17. dxe5 Nxe5 (17... Qxe5 $2 {scheitert an} 18. Rxd7 $1 {mit entscheidendem Materialgewinn.} Qxg5 {noch am besten} 19. Qxg5 Kxd7 {aber hoffnungslos für Schwarz}) 18. O-O O-O (18... Nf7 {rettet auch nicht mehr} 19. f3 $1 O-O 20. Rfe1 Rfe8 (20... Qf5 21. Be7 $18) (20... Nxg5 21. Qxg5 Qf5 22. Qxf5 gxf5 23. fxe4 $18) 21. Rxe4 Qf5 22. Bc1 Rxe4 23. fxe4 Qxe4 24. Re1 Qf5 25. Qc7 b6 (25... Qc8 26. Qe7 $18) 26. Qxc6 Rd8 27. Be3 $18) 19. Rfe1 Nf7 20. f3 Nxg5 21. Qxg5 Qf5 22. Qxf5 gxf5 23. fxe4 fxe4 24. Rxe4 $18 {Weiss hat mit einem Bauern mehr bei besserer Stellung eine Gewinnstellung.} Rad8 25. Rxd8 Rxd8 26. Re7 {Stärker war 26.Td4 usw.} Rd1+ 27. Kf2 Rd2+ 28. Re2 Rd1 {Wenigstens verzichtet der Saitek D+ auf den Turmtausch. Däs hätte zu einem leicht gewonnenen Bauernendspiel geführt.} 29. Kg3 Kf7 30. Kh4 Kg6 31. Re5 Rd2 32. Rg5+ Kf6 33. b4 Rxa2 34. Kxh5 {Die verbunden Freibauern von Weiss am Königsflügel sollten nun ohne Probleme gewinnen. Dabei gibt es meistens verschiedene Gewinnwege.} Rc2 35. Rg3 b6 36. h4 a5 37. Rg6+ Kf7 38. Rxc6 axb4 39. Rxb6 bxc3 40. g4 Rg2 41. Rc6 c2 {Dieser Freibauer stellt für Weiss keine Gefahr dar.} 42. g5 Rh2 43. Kg4 $6 {Stärker sind:} (43. Rc7+ Ke6 44. g6 Kf5 45. Rc5+ Kf6 46. Rc7 Rg2 47. Rf7+ Ke6 48. Rf1 Ke7 49. Kh6 Rd2 50. Re1+ Kf6 51. g7 Rg2 52. h5 Kf7 53. Rf1+ Ke7 54. Kh7 $18) (43. g6+ Kg7 44. Rc7+ Kf6 45. Rf7+ Ke5 46. Rf1 Rg2 47. Kh6 $18) (43. Rc5 Rg2 44. Rc6 Rh2 45. g6+ Kg7 46. Rc7+ Kf6 47. Rf7+ Ke5 48. Rf1 Rf2 49. Rc1 Kf6 50. Kh6) 43... Rg2+ 44. Kh3 Rd2 {[#]} 45. h5 $2 {[%mdl 32768] Vergibt den Gewinn, denn nun kann der weisse König den Seitenschachs des gegnerischen Turms nicht ausweichen, ohne einen seiner beiden Bauern h5 oder g5 zu verlieren.} (45. Kg4 Ke7 46. Kh5 Kd7 47. Rc3 Kd6 48. Kh6 $18 Ke6 49. h5 $18) 45... Rd3+ 46. Kg4 Rd4+ 47. Kf3 Rd5 48. Kf4 Rd4+ $2 {[%mdl 2] Verlustzug, einzig 48...Td2! macht Remis} 49. Ke5 $18 {Jetzt tickt die weisse Uhr wieder richtig.} Rd2 50. Rc7+ {Jetzt wird der König auf die Grundlinie gedrängt.} Kg8 51. h6 c1=Q 52. Rxc1 Rf2 53. Rc8+ Kh7 54. Rc7+ Kg8 (54... Kg6 55. Rg7+ Kh5 56. h7 $18) 55. g6 Re2+ 56. Kf5 Rf2+ 57. Kg4 Rg2+ 58. Kh5 Rh2+ 59. Kg5 Rg2+ 60. Kf6 Rf2+ 61. Ke6 Re2+ 62. Kd5 Re8 63. h7+ Kh8 {[#]} 64. Rb7 $2 {[%mdl 32768] Vermasselt den Gewinn. Das nun mögliche Remis durch Dauerschach basiert auf dem Umstand, dass der schwarze König auf Patt steht. Somit muss Schwarz nichts anderes tun, als mit seinem Turm den weissen König zu verfolgen, und zwar so, dass der Turm stets direkt mit Schach neben dem König platziert wird. Denn nehmen darf man den Turm ja wegen Patt nicht.} Re5+ 65. Kd4 Re4+ 66. Kd3 Re3+ 67. Kc4 Re4+ 68. Kc5 Re5+ 69. Kb4 $11 Re8 $4 {[%mdl 2] Aus unerfindlichen Gründen weicht Schwarz von seinem Plan ab und sollte jetzt wieder verlieren.} 70. Rf7 $2 {[%mdl 32768] Verpasst den Gewinn und zeigt, dass auch der Mephisto Polgar keine Ahnung von der weissen Pattfalle hat.} (70. Rb6 $1 {gewinnt} Kg7 71. Rd6 Re4+ 72. Kc5 Re5+ 73. Kc6 Rh5 74. Rd8 Rh6 75. Rg8+ Kf6 76. h8=Q+ Rxh8 77. Rxh8 $18) 70... Rd8 $2 {Schwarz packt seine Chance auf Remis nicht.} (70... Re4+ 71. Kc5 Rc4+ {und Remis}) 71. Kc5 $2 {[%mdl 32768]} (71. Rf6 $1 $18 {hätte natürlich wieder gewonnen.}) 71... Rd5+ $1 {Weshalb gelangt nun Schwarz wieder auf den richtigen Pfad?} 72. Kc4 Rd4+ $1 73. Kc3 Rd3+ $1 74. Kc2 Rc3+ $1 75. Kd2 Rd3+ $1 76. Ke2 Re3+ $1 77. Kf1 Re1+ $1 78. Kf2 Re2+ $1 79. Kf3 Re3+ $1 80. Kf4 {[#]} Rh3 $4 {[%mdl 2] Eine absolute Katastrophe. Nachdem der Saitek D+ lange Zeit richtig agiert hat, weicht er erneut ab, "vergisst" das Patt-Motiv und verliert kläglich.} (80... Re4+ $11 {Remis}) 81. Rf8+ Kg7 82. Rg8+ Kf6 83. h8=Q+ Rxh8 84. Rxh8 Kxg6 85. Rb8 Kf6 86. Rb6+ Ke7 87. Ke5 Kd7 88. Kd5 Kc7 89. Rb4 Kd7 90. Rb7+ Kc8 91. Kc6 Kd8 92. Ra7 Ke8 93. Kd6 Kf8 {***AUFGEGEBEN***} 1-0

[Event "Match 78__120'/40"]
[Site "Zurich"]
[Date "2024.??.??"]
[Round "21"]
[White "Saitek D+ EGR 10 MHz"]
[Black "Mephisto Polgar sel. 5"]
[Result "1-0"]
[WhiteElo "1992"]
[BlackElo "1991"]
[Annotator "Utzinger,K"]
[PlyCount "198"]
[EventDate "2024.05.22"]
[EventType "match"]
[SourceVersionDate "2024.04.21"]

{[%evp 0,198,19,31,14,-14,-11,4,33,33,29,10,9,5,17,10,23,30,34,29,28,-16,-10,-4,-18,-8,-18,-17,-13,6,14,-1,-33,-32,-43,-45,-38,-41,-50,-48,-21,-46,13,67,115,6,1,-2,4,10,2,-16,-12,-11,6,0,0,-87,-97,-100,45,35,24,24,50,20,0,0,39,27,40,33,40,28,7,0,64,63,81,74,62,0,48,7,20,0,0,0,0,0,27,13,34,39,21,40,38,32,72,82,103,87,95,95,73,76,73,50,110,123,255,218,238,243,260,264,276,272,272,279,312,322,321,306,308,312,327,333,328,326,325,325,337,315,365,446,494,494,492,567,655,354,374,390,414,472,485,472,512,402,408,408,422,330,330,330,330,330,330,330,401,426,426,401,401,426,423,330,330,420,420,420,420,420,420,420,420,420,428,423,429,423,423,350,423,340,339,346,386,386,406,386,418,418,417,417,417,490,1015,1014,1022]} 1. d4 Nf6 {Match 120'/40 | Bediener: Rolf Bühler | 21. Partie: Weiss (Mephisto Polgar) gewinnt | Zwischenstand: 11,0-10,0 (52,3%) für Saitek D+ / hypothetisch: 14,0-7,0 (66,6%) für Mephisto Polgar | Eröffnung: Nimzoindisch, Rubinstein Variante mit 5.Sge2 | Es gelingt Weiss, im Mittelspiel klaren Vorteil zu erhalten. Die falsche Abwicklung mit 28.Lxb4? wendet dann aber das Blatt eindeutig zugunsten von Schwarz. Der Mephisto Polgar vermag daraus keinen Nutzen zu ziehen und muss sich wieder mit Ausgleich begnügen. Im letzten Zug der ersten Zeitkontrolle stolpert Schwarz jedoch mit 40...Le4 gar selbst in eine verlorene Stellung. Der Saitek D+ bedankt sich und führt die Partie nach langem Kampf und auf umständliche Art und Weise zum Sieg. Erneut eine Partie, in der beide Programme teilweise völlig überfordert waren.} 2. c4 e6 3. Nc3 Bb4 4. e3 O-O 5. Nge2 d5 6. a3 Be7 7. cxd5 Nxd5 {***ENDE BUCH*** = (0.10) (51%)} 8. e4 {***ENDE BUCH*** = (-0.07) (49%)} Nxc3 9. Nxc3 {Das ist logischer als 9.bxc3, weil für die Entwicklung des Lf1 kein zusätzliches Tempo mehr aufgewendet werden muss.} c5 {Die aktivste Fortsetzung} (9... Nc6 {ist eine brauchbare Alternative} 10. Be3 f5 $5 11. exf5 exf5 12. Bc4+ Kh8 13. Ne2 Bd6 14. Qd2 $6 (14. g3 $142 $11) 14... f4 $1 15. Nxf4 Bxf4 16. Bxf4 Qxd4 17. Qxd4 Nxd4 $15 {0-1 (50) Toncheva,N (2263)-Neelash,S (2429) Belgrade 2023}) 10. dxc5 {Zu diesem Abtausch, durchaus spielbar, habe ich in meinen Datenbanken keine einzige Partie gefunden. Üblich ist 10.d5 an dieser Stelle.} (10. d5 exd5 11. Nxd5 Nc6 12. Bc4 Bf6 13. O-O Bd4 14. Be3 Be6 15. Bxd4 Nxd4 16. b4 b6 17. Rc1 f5 18. bxc5 bxc5 19. Ne3 Bxc4 20. Rxc4 f4 21. Nc2 Ne6 22. Qd5 Qe7 23. Ne1 Rad8 24. Qe5 Qd6 25. Qxd6 Rxd6 26. Nf3 Rb8 27. h4 h6 28. Ra4 $11 {0-1 (43) Torre,E (2535)-Kortschnoj,V (2645) Luzern 1982}) 10... Bxc5 11. Qxd8 (11. Qg4 $5 {ist für Spieler, die mit frühem Damentausch nichts am Hut haben.}) 11... Rxd8 12. Bc4 a6 13. Bg5 f6 14. Bf4 b5 15. Bb3 $6 (15. Ba2 {ist eine Spur genauer, weil der b2-Bauer nicht verstellt wird und vor allem verliert Weiss kein Tempo, falls Schwarz zu ...Sd4 mit Angriff auf den Läufer kommt. Wenige solche Ungenauigkeiten können in einer Partie über Sieg oder Niederlage entscheiden.}) 15... Nc6 16. Bc7 Re8 17. O-O Nd4 18. Ba2 Bb7 19. Rfd1 a5 {Stellt scheinbar die Drohung ...b4 auf und nach Wegzug des Springers könnte der weisse e4-Bauer fallen. Diese Idee ist aber zu wenig durchdacht.} (19... Rac8 {Mag gar etwas besser zu gefallen, denn weshalb nicht diesen Turm mit Tempogewinn auf die offene Linie bringen?}) 20. e5 f5 (20... b4 21. Na4 Ba7 22. Nb6 Bxb6 23. Bxb6 $11) 21. Bd6 Ba7 $6 {ungenau} (21... Bb6 22. Rd2 a4 23. Rad1 Nb3 24. Bxb3 axb3 25. Bb4 $11) 22. a4 $6 {Hier spuckt die Engine eine Variante aus mit klarem Vorteil für Weiss nach 22.Td2. Der Textzug vergibt also eine gute Chance und bringt nur Ausgleich.} ({Beast 15 MPV-avx2:} 22. Rd2 {+/- 1.47(96%)/49} Bc6 23. Rad1 b4 24. axb4 axb4 25. Bxb4 Nb5 26. h4 Nxc3 27. bxc3 Bb8 28. Bb3 Bxe5 29. Re2 Bf6 30. Rxe6 Rxe6 31. Bxe6+ Kh8 32. Bxf5 Bxh4 33. Rd6 Be8 34. c4 Bf6 35. Kf1 Bf7 36. c5 Be5 37. Rd7 Be8 38. Rd5 Bc7 39. Bd7 Bf7 40. Rd4 Kg8 41. Ke2 Be5 42. Re4 Bc7 43. Ke3 g5 44. Be6 Bxe6 45. Rxe6 Kf7 46. Re4 Ra2 47. c6 Kf6 48. Bc3+ Kf7 49. g4 Rc2 50. Kd3 Rxf2 51. Be5 Ba5 52. Kc4 Rc2+ 53. Kb5 Bd8 54. Rc4 Rxc4 55. Kxc4 Ke6 {[%eval 147,49] [%wdl 917,83,0]}) 22... b4 23. Nb5 Nxb5 24. axb5 Rac8 25. Rd2 {Genauer sind 25.Lb3 oder 25.Tac1.} Bb6 26. Bb3 f4 (26... g5 $15 {ist im Kampf um die Initiative zu bevorzugen.}) 27. Re1 g5 {[#]} 28. Bxb4 $2 $19 {[%mdl 2] Verlockend aus Sicht des Saitek D+, aber die damit verbundene Abwicklung sollte klar zugunsten von Schwarz ausgehen, was das Programm nicht erkennen kann.} axb4 29. Rd6 {Droht Txb6 und Lxe6+} Ba5 $2 $11 {[%mdl 32768] Aber selbst der Mephisto Polgar hat drei Halbzüge später noch immer nicht den Durchblick. Und so vergibt Schwarz hier seine Gewinnchancen.} (29... Bc5 $1 30. Bxe6+ Rxe6 31. Rxe6 g4 $1 32. Rf6 g3 33. hxg3 fxg3 34. Kf1 Bxf2 $19) 30. Bxe6+ Rxe6 31. Rxe6 {Mit dem Läufer auf a5 hat Schwarz das Manöver ...g4 und ...g3 nicht zur Verfügung.} Rc5 32. Re8+ Kf7 33. Rh8 Ke6 34. Rxh7 Rxb5 35. Rh6+ Ke7 36. Rg6 b3 37. Rd1 $11 f3 $6 $16 {Hier gab es mindestens drei Wege für den Ausgleich. Der Textzug gehört nicht dazu und gibt dem Weissen wieder Auftrieb.} (37... Be4 38. Rxg5 Rd5 39. Rxd5 Bxd5 40. h4 Bc3 $1 41. h5 Be4 42. h6 Ke6 43. Rh5 Bxe5 44. h7 Bh8 $11) (37... Bc3 38. bxc3 b2 39. f3 b1=Q 40. Rxb1 Rxb1+ 41. Kf2 Rb2+ 42. Kf1 Bd5 43. Rxg5 Bc4+ 44. Ke1 Ke6 $11) (37... Bb4 38. Rxg5 Be4 39. h4 Bc2 40. Ra1 Bc5 41. Ra8 Ke6 42. h5 Bd4 43. Ra6+ Rb6 44. Rxb6+ Bxb6 45. h6 Bd4 $11) 38. Rg7+ Kf8 39. Rxg5 fxg2 40. Rd7 $11 ({Mit} 40. Rd6 $14 {konnte sich Weiss noch einen leichten Vorteil sichern.}) {[#]} 40... Be4 $2 $18 {[%mdl 32770] Nun verliert aber gar Schwarz.} (40... Bc6 $1 41. Rd1 Rc5 42. Rg3 Bc7 43. Rxb3 Bxe5 44. Rb6 Bf3 $11) 41. Rf7+ $2 $11 {Verpasst den mit 41.Th5 möglichen Gewinn.} (41. Rh5 $1 Ke8 42. Ra7 Bb4 43. Rh8+ Bf8 44. e6 Rd5 45. f3 $1 Bxf3 46. Rxf8+ Kxf8 47. Rf7+ Ke8 48. Rxf3 $18 {und Weiss gewinnt}) 41... Kxf7 {Exakter ist 41...Ke8} 42. e6+ Kxe6 43. Rxb5 Bc7 44. Rxb3 $14 Bd5 $16 {Nach 44...Le5 müsste sich Weiss mit einem geringen Vorteil zufriedengeben.} 45. Rh3 $1 Be5 46. b4 $1 {Der Saitek D+ macht alles richtig.} Bd4 $2 {Geht an der besten Verteidigung 46...Lc6 vorbei.} 47. Rh4 $2 {Weiss macht sich den Gewinn unnötig schwer, z.B. hätte 47.b5 gewonnen.} (47. b5 Kd6 48. Rh6+ Ke5 (48... Kc5 49. Rh5 $18) 49. Rh5+ Kd6 50. h4 Be4 51. Rh6+ Kc5 52. b6 Bc6 53. h5 Kxb6 54. Re6 Kc5 55. h6 Kd5 56. Rg6 Bb5 57. Rg8 Bd3 58. Rd8+ Ke5 59. Rd7 $18) 47... Bc3 (47... Bf6 {leistet mehr Widerstand}) 48. Rh6+ {Effizienter gewinnt 45.b5} Ke7 49. b5 Be5 50. b6 Kd7 51. h3 Be4 52. Rh4 Bf3 53. Rh7+ Ke6 54. b7 Kf6 55. Rh6+ Kf5 56. Rb6 Bb8 57. Rb5+ Ke6 58. h4 {Nun wird es dieser Bauer bringen.} Be4 59. h5 Kf7 60. Ra5 Bc7 61. Ra4 Bf3 62. Ra8 Kg7 63. b8=Q Bxb8 64. Rxb8 {[#] In der Folge agiert der Saitek D+ echt schwerfällig, bis er diese klare Gewinnstellung zum Sieg führt. Dabei ist aus menschlicher Sicht die Aufgabe kinderleicht. Weiss führt den Turm nach g6 und spielt dann Txg2, was nach ...Lxg2 Kxg2 zu einem gewonnenen Bauernendspiel führt.} Kh6 65. Rf8 Bb7 66. Rf7 Bd5 67. Rf6+ Kg7 68. Rg6+ Kh7 69. Rd6 $2 {Einfach 69.Txg2 und aus die Maus.} (69. Rxg2 Bxg2 (69... Bf3 70. Rg3 Bxh5 71. f4 $18) 70. Kxg2 Kh6 71. Kg3 Kg5 72. h6 Kxh6 73. Kf4 Kg6 74. Ke5 $18) 69... Ba8 70. f4 Be4 71. Kf2 Kg7 72. Re6 Bd5 73. Rg6+ Kh7 74. Ra6 (74. Rxg2 $5 $18) 74... Be4 75. Re6 Bf3 76. h6 Bg4 77. Ra6 Bf3 78. Rd6 Be4 79. Kg1 Bf3 80. Re6 Bg4 81. Ra6 Be2 82. Rf6 Bf3 83. Kf2 Bd5 84. Rb6 Be4 85. Rd6 Bf3 86. Ra6 Be4 87. Rb6 Bd5 88. Rf6 Be4 89. Re6 Bf5 90. Rc6 Be4 91. Rc4 Bg6 92. Rc7+ Kxh6 93. Kxg2 Bf5 94. Kg3 Kg6 95. Kf3 Kf6 96. Rc6+ Kf7 97. Ke3 Ke7 98. Kd4 Bd7 99. Rc7 Kd6 {***AUFGEGEBEN***} 1-0